ბათუმის შოთა რუსთაველის სახელმწიფო უნივერსიტეტის ბიბლიოთეკა

წეროების პოლიგონი (ბიბ.ჩანაწერი № 49060)

000 -LEADER
fixed length control field 00741nam a2200229Ia 4500
001 - CONTROL NUMBER
control field 15966
003 - CONTROL NUMBER IDENTIFIER
control field GE_BSU
008 - FIXED-LENGTH DATA ELEMENTS--GENERAL INFORMATION
fixed length control field 181216s||||||||xx |||||||||||||| ||und||
040 ## - CATALOGING SOURCE
Transcribing agency GE_BSU
080 ## - UNIVERSAL DECIMAL CLASSIFICATION NUMBER
Universal Decimal Classification number 821.353.1-4
100 ## - MAIN ENTRY--PERSONAL NAME
Personal name ხერგიანი, მირონ
245 ## - TITLE STATEMENT
Title წეროების პოლიგონი
245 ## - TITLE STATEMENT
Remainder of title ნარკვევი
245 ## - TITLE STATEMENT
Statement of responsibility, etc. რედ.ც.ფირცხალავა. მხ.ა.თევზაძე
260 ## - PUBLICATION, DISTRIBUTION, ETC.
Place of publication, distribution, etc. თბილისი
260 ## - PUBLICATION, DISTRIBUTION, ETC.
Name of publisher, distributor, etc. საბჭ. საქართველო
260 ## - PUBLICATION, DISTRIBUTION, ETC.
Date of publication, distribution, etc. 1986
300 ## - PHYSICAL DESCRIPTION
Extent 226გვ. ; 20სმ.
653 ## - INDEX TERM--UNCONTROLLED
Uncontrolled term ნარკვევი
653 ## - INDEX TERM--UNCONTROLLED
Uncontrolled term წეროების პოლიგონი
942 ## - ADDED ENTRY ELEMENTS (KOHA)
Koha item type წიგნი
ეგზემპლარები
Withdrawn status Lost status Damaged status Not for loan Date acquired Barcode Date last seen Price effective from Koha item type
        2018-12-17 39423 2018-12-17 2018-12-17 წიგნი
        2018-12-17 39424 2018-12-17 2018-12-17 წიგნი